| 000 | 01398cam a2200265 4500 | ||
|---|---|---|---|
| 001 | ABS63144 | ||
| 008 | 000000n2000 000 0 eng u | ||
| 035 | _a(Sirsi) u109322 | ||
| 100 | _aLipfriend, D | ||
| 245 | _aDevelopers taking advantage of filling station decline | ||
| 260 | _c2000 | ||
| 490 |
_aProperty Forecast _v3(11) November 2000, 2-3(2) |
||
| 520 | _aDiscusses the decline of petrol filling stations, and their potential as prime development and investment sites. Suggests that the recent fuel blockade has heightened an existing crisis for filling stations which began in the Eighties. Competition from supermarkets and motorway services has led to the closure of filling stations in urban and rural areas; a decline from just under 25,000 in 1982 to 13,000 in 1999. Increasing closures threaten family businesses and local communities. One option for struggling filling stations is to sell up, and those occupying prime space have managed to fetch significant sums as development sites with planning permission for housing. | ||
| 590 | _aABS | ||
| 650 | _aPETROL FILLING STATIONS | ||
| 650 | _aFUEL CRISIS | ||
| 650 | _aCOMPETITION | ||
| 650 | _aSUPERMARKETS | ||
| 650 | _aMOTORWAY SERVICE AREAS | ||
| 650 | _aBROWNFIELD SITES | ||
| 650 | _aREDEVELOPMENT | ||
| 650 | _aPETROL RETAILING | ||
| 690 | _aPROPERTY-COMMERCIAL PROPERTY-RETAIL PROPERTY | ||
| 942 | _n0 | ||
| 999 |
_c65250 _d65250 |
||